[Event "WC-2021-S-00001"]
[Site "LSS email"]
[Date "2021.05.24"]
[Round "?"]
[White "Kireev, Sergey Ivanovich"]
[Black "Kurpnieks, Vairis"]
[Result "1-0"]
[WhiteElo "2399"]
[BlackElo "1836"]
[PlyCount "69"]
[EventDate "2021.05.24"]
[EventType "tourn (corr)"]
[EventRounds "12"]
[EventCountry "GER"]
[SourceTitle "Corr 2024"]
[Source "ChessBase"]
[SourceDate "2023.10.19"]
[SourceVersion "1"]
[SourceVersionDate "2023.10.19"]
[SourceQuality "1"]

1. d4 Nf6 2. c4 b6 3. f3 d6 4. e4 e5 5. Be3 Nc6 6. d5 Ne7 7. Nc3 Ng6 8. g3 Be7 9. h4 h6 10. Qd2 Bd7 11. 0-0-0 a6 12. Kb1 Qb8 13. a3 b5 14. Na2 c5 15. dxc6 Bxc6 16. Nb4 Bd7 17. cxb5 Bxb5 18. Bxb5+ Qxb5 19. Ne2 Qb7 20. Nc3 h5 21. Bg5 a5 22. Nbd5 0-0 23. Bxf6 Bxf6 24. Nxf6+ gxf6 25. Nd5 Kg7 26. g4 Rh8 27. g5 Rab8 28. gxf6+ Kh7 29. Rdg1 Rhg8 30. Rg5 Nf4 31. Nxf4 Rxg5 32. hxg5 exf4 33. Qh2 Kg8 34. Qg2 Qb3 35. g6 1-0

[Event "WC-2021-S-00001"]
[Site "LSS email"]
[Date "2021.05.24"]
[Round "?"]
[White "Langer, Raimund"]
[Black "Kurpnieks, Vairis"]
[Result "1/2-1/2"]
[WhiteElo "2484"]
[BlackElo "1836"]
[PlyCount "104"]
[EventDate "2021.05.24"]
[EventType "tourn (corr)"]
[EventRounds "12"]
[EventCountry "GER"]
[SourceTitle "Corr 2024"]
[Source "ChessBase"]
[SourceDate "2023.10.19"]
[SourceVersion "1"]
[SourceVersionDate "2023.10.19"]
[SourceQuality "1"]

1. e4 e5 2. Nf3 Nc6 3. Bc4 Bc5 4. c3 Nf6 5. d3 d6 6. 0-0 0-0 7. Bb3 a5 8. h3 h6 9. Re1 Re8 10. Nbd2 Ba7 11. Nf1 Be6 12. Ba4 Bd7 13. Ng3 Ne7 14. d4 Ng6 15. Bxd7 Qxd7 16. Be3 Qc6 17. Rc1 b5 18. Rc2 Qb7 19. Rce2 Nxe4 20. Nxe4 Qxe4 21. dxe5 Bxe3 22. exd6 Qc6 23. Rxe3 Rxe3 24. Rxe3 Rd8 25. g3 Rxd6 26. Qe2 Qd7 27. h4 Nf8 28. Re5 c6 29. Re7 Re6 30. Qxe6 Qxe6 31. Rxe6 Nxe6 32. Ne5 Nd8 33. Kg2 Kf8 34. Kf3 Ke7 35. Ke4 Ke6 36. Nd3 Nb7 37. Kd4 Kd6 38. b4 axb4 39. cxb4 Nd8 40. Ke4 Ne6 41. f3 g6 42. g4 Ng7 43. g5 hxg5 44. hxg5 Nh5 45. f4 f6 46. Kd4 fxg5 47. fxg5 Ng7 48. Nf4 Nf5+ 49. Ke4 Nh4 50. Nd3 Nf5 51. Nf4 Nh4 52. Nd3 Nf5 1/2-1/2

[Event "WC-2021-S-00001"]
[Site "LSS email"]
[Date "2021.05.24"]
[Round "?"]
[White "Massimini Gerbino, Massimiliano"]
[Black "Kurpnieks, Vairis"]
[Result "0-1"]
[WhiteElo "2358"]
[BlackElo "1836"]
[PlyCount "74"]
[EventDate "2021.05.24"]
[EventType "tourn (corr)"]
[EventRounds "12"]
[EventCountry "GER"]
[SourceTitle "Corr 2024"]
[Source "ChessBase"]
[SourceDate "2023.10.19"]
[SourceVersion "1"]
[SourceVersionDate "2023.10.19"]
[SourceQuality "1"]

1. d4 Nf6 2. c4 b6 3. Nc3 Bb7 4. Qc2 d5 5. cxd5 Nxd5 6. Nf3 Nxc3 7. bxc3 e6 8. e4 Be7 9. Bf4 0-0 10. Bd3 c5 11. d5 exd5 12. exd5 Qxd5 13. 0-0-0 Qh5 14. Be4 Bc6 15. Rhe1 c4 16. Bxh7+ Qxh7 17. Qxh7+ Kxh7 18. Rxe7 Na6 19. Be3 Bxf3 20. gxf3 Nc5 21. Rd5 Nd3+ 22. Kd2 Rad8 23. Rxd8 Rxd8 24. Ke2 f5 25. Rxa7 b5 26. f4 Re8 27. Kf3 Ne1+ 28. Ke2 Nd3 29. Kf1 b4 30. cxb4 Nxb4 31. Bd4 Rc8 32. Bc3 Nd5 33. Rxg7+ Kh6 34. Rg3 Kh7 35. Rh3+ Kg6 36. Rg3+ Kf7 37. a3 Nxc3 0-1

[Event "Riga RTU rapid op"]
[Site "Riga"]
[Date "2019.07.04"]
[Round "4"]
[White "Kiik, Kalle"]
[Black "Kurpnieks, Vairis"]
[Result "1-0"]
[WhiteElo "2308"]
[BlackElo "1963"]
[PlyCount "141"]
[EventDate "2019.07.04"]
[EventType "swiss (rapid)"]
[EventRounds "9"]
[EventCountry "LAT"]
[SourceTitle "EXT 2020"]
[Source "ChessBase"]
[SourceDate "2019.10.17"]
[SourceVersion "1"]
[SourceVersionDate "2019.10.17"]
[SourceQuality "1"]

1. e4 e5 2. Nf3 f5 3. Nxe5 Nc6 4. Nxc6 dxc6 5. Nc3 Nf6 6. e5 Ng4 7. d4 c5 8. d5 Nxe5 9. Bb5+ Kf7 10. 0-0 Bd6 11. Be2 Bd7 12. h3 Rf8 13. f4 Ng6 14. g3 Kg8 15. Be3 a6 16. a4 b6 17. Qd2 Qf6 18. Rfe1 Rfd8 19. Bf2 Ne7 20. Bf1 Nc8 21. Rad1 Ne7 22. Bc4 Rdb8 23. Qe2 Ng6 24. Qf1 h5 25. h4 Nh8 26. Bxa6 Nf7 27. Bb5 Bxb5 28. Qxb5 Nh6 29. Re6 Qf7 30. Rde1 Ng4 31. Qc4 Re8 32. b3 Re7 33. Nb5 Rae8 34. Kg2 Nf6 35. Nc3 Ng4 36. Bg1 Kf8 37. a5 bxa5 38. Bxc5 Kg8 39. Bxd6 cxd6 40. Rxe7 Rxe7 41. Qc8+ Kh7 42. Rxe7 Qxe7 43. Qxf5+ g6 44. Qe4 Ne3+ 45. Kf3 Qxe4+ 46. Nxe4 Nxc2 47. Nxd6 Nd4+ 48. Ke4 Nxb3 49. Nc4 Kg7 50. Ke5 Kf7 51. d6 a4 52. f5 gxf5 53. Kxf5 Nd4+ 54. Kg5 Nb5 55. d7 Ke7 56. Kxh5 Kxd7 57. Kg6 Nd6 58. Nb6+ Ke6 59. Nxa4 Nf5 60. h5 Ne7+ 61. Kg5 Kf7 62. Nc5 Ng8 63. Ne4 Kg7 64. g4 Nh6 65. Nd6 Kh7 66. Nf5 Nf7+ 67. Kf6 Kg8 68. g5 Kf8 69. g6 Kg8 70. Ne7+ Kf8 71. g7+ 1-0

[Event "LAT-chT"]
[Site "Riga"]
[Date "2019.06.08"]
[Round "5.2"]
[White "Mustaps, Matiss"]
[Black "Kurpnieks, Vairis"]
[Result "1-0"]
[WhiteElo "2365"]
[BlackElo "1994"]
[PlyCount "55"]
[EventDate "2019.02.16"]
[EventType "team-tourn"]
[EventRounds "9"]
[EventCountry "LAT"]
[SourceTitle "CBM 190 Extra"]
[Source "ChessBase"]
[SourceDate "2019.07.15"]
[SourceVersion "1"]
[SourceVersionDate "2019.07.15"]
[SourceQuality "1"]
[WhiteTeam "Riga Technical Univ"]
[BlackTeam "RTU/Juniors"]
[WhiteTeamCountry "LAT"]
[BlackTeamCountry "LAT"]

1. e4 e5 2. Nf3 f5 3. Nxe5 d5 4. exd5 Nf6 5. d4 Qxd5 6. Be2 Nc6 7. Bf3 Ne4 8. Nxc6 bxc6 9. 0-0 Bd6 10. Nc3 Nxc3 11. Bxd5 Nxd5 12. c4 Nf6 13. Re1+ Kf7 14. Bg5 Bd7 15. Bxf6 Kxf6 16. c5 Bf4 17. d5 Be5 18. f4 Bxb2 19. Rb1 Bc3 20. Re3 Ba5 21. Qd4+ Kf7 22. Re7+ Kxe7 23. Qxg7+ Kd8 24. Qxh8+ Be8 25. Qf6+ Kc8 26. Qe6+ Bd7 27. Qg8+ Be8 28. Qxe8# 1-0